| 000 | 01060nam a2200289 a 4500 | ||
|---|---|---|---|
| 003 | MX-MxUPN | ||
| 005 | 20260415064245.0 | ||
| 008 | 220315s2017 mx |||||rb||| 000 0 spa d | ||
| 020 | _a9786078558391 | ||
| 020 | _a9789974855670 (Grupo Magro Editores) | ||
| 040 |
_aMX-MxUPN _bspa _cMX-MxUPN |
||
| 041 | 0 | _aspa | |
| 050 | 1 | 4 |
_aLB3051 _bR3.8 |
| 100 | 1 |
_944045 _aRavela, Pedro |
|
| 100 | 1 |
_aPicaroni, Beatriz _944046 |
|
| 100 | 1 |
_aLoureiro, Graciela _944047 |
|
| 245 | 1 | 1 |
_a¿Cómo mejorar la evaluación en el aula? : _breflexiones y propuestas de trabajo para docentes |
| 250 | _aPrimera edición. | ||
| 260 |
_aCiudad de México : _bSecretaría de Educación Pública : _bInstituto Nacional para la Evaluación de la Educación : _bGrupo Magro, _c2017. |
||
| 300 | _a279 páginas | ||
| 490 | 0 | _aColección Aprendizajes clave para la educación integral | |
| 504 | _aIncluye referencias bibliográficas. | ||
| 650 | 4 |
_aMediciones y pruebas educativas _94299 |
|
| 650 | 4 |
_aEvaluación educativa _94298 |
|
| 942 |
_2lcc _cLIBRO |
||
| 999 |
_c208283 _d208283 |
||